| 000 | 00760cam a2200253 4500 | ||
|---|---|---|---|
| 001 | J253 | ||
| 008 | 090401t1991 xxu||||| |||| 00| 0 eng d | ||
| 020 | _a0861779356 | ||
| 035 | _a(Sirsi) u74085 | ||
| 041 | _aeng | ||
| 050 |
_a692.3 _c18 |
||
| 110 |
_aUnited Kingdom _bProperty Services Agency _91138 |
||
| 245 | _aStandard specification : estate management decoration works. | ||
| 260 |
_aCroydon _bPSA Specialist Services _c1991 |
||
| 300 |
_a19p. _c30cm. |
||
| 350 | _a10 | ||
| 650 | _aDECORATION | ||
| 650 | _aESTATE MANAGEMENT | ||
| 650 | _aPSA SPECIFICATIONS | ||
| 650 | _aPSA STANDARD SPECIFICATION FOR ESTATE MANAGEMENT DECORATION WORKS | ||
| 690 | _aBUILDING AND CONSTRUCTION-REPAIRS AND MAINTENANCE | ||
| 942 | _n0 | ||
| 948 | _c04/03/1997 | ||
| 999 |
_c95767 _d95767 |
||